header

Recent topics on modeling of semiconductor processes, devices, and circuits (Record no. 114453)

MARC details
000 -LEADER
fixed length control field 01201nam a2200289Ia 4500
100 1# - MAIN ENTRY--AUTHOR NAME
Personal name Onur Topaloglu, Rasit.
245 10 - TITLE STATEMENT
Title Recent topics on modeling of semiconductor processes, devices, and circuits
260 ## - PUBLICATION, DISTRIBUTION, ETC. (IMPRINT)
Place of publication Hilversum, The Netherlands :
Name of publisher Bentham Science Publishers,
Year of publication 2011.
300 ## - PHYSICAL DESCRIPTION
Number of Pages vi, 191 p. :
Other physical details ill.
650 #0 - SUBJECT ADDED ENTRY--TOPICAL TERM
Topical Term Semiconductors.
Topical Term Electrical engineering
700 1# - ADDED ENTRY--PERSONAL NAME
Personal name Li, Peng.
856 40 - ELECTRONIC LOCATION AND ACCESS
Uniform Resource Identifier http://site.ebrary.com/lib/rucke/Doc?id=10504677

No items available.

© 2026 Rongo University
Contact us: librarian | system librarian | Rongo university